[Event "DVM U20 2016"]
[Site "Borken-Gemen GER"]
[Date "2016.12.29"]
[Round "5"]
[White "Padva, Leo"]
[Black "Tibke, Jonas"]
[Result "1/2-1/2"]
[Termination "normal"]
[Board "2.3"]
[WhiteElo "1937"]
[BlackElo "1866"]
[WhiteClock "00:09:30"]
[BlackClock "00:09:22"]
[WhiteTeam "SG Porz"]
[BlackTeam "SF Darmstadt"]
[PlyCount "129"]
[WhiteFideId "12964379"]
[BlackFideId "12928356"]
[EventCountry "GER"]
[EventRounds "7"]
[EventType "team-swiss"]
[EventDate "2016.12.26"]

1. e4 {[%clk 1:30:57]} c6 {[%clk 1:30:55]} 2. d4 {[%clk 1:31:09]} d5 {[%clk
1:31:17]} 3. exd5 {[%clk 1:31:31]} cxd5 {[%clk 1:31:41]} 4. c4 {[%clk 1:31:53]}
Nf6 {[%clk 1:32:03]} 5. Nc3 {[%clk 1:31:05]} Nc6 {[%clk 1:32:16]} 6. Nf3 {[%clk
1:30:30]} e6 {[%clk 1:27:08]} 7. cxd5 {[%clk 1:23:08]} Nxd5 {[%clk 1:24:21]} 8.
Bd3 {[%clk 1:22:47]} Be7 {[%clk 1:18:21]} 9. O-O {[%clk 1:22:15]} O-O {[%clk
1:16:42]} 10. a3 {[%clk 1:21:18]} Qa5 {[%clk 1:03:53]} 11. Qc2 {[%clk 1:09:09]}
h6 {[%clk 0:56:06]} 12. Bd2 {[%clk 1:08:53]} Rd8 {[%clk 0:53:39]} 13. b4 {[%clk
1:07:58]} Qb6 {[%clk 0:51:33]} 14. Na4 {[%clk 0:58:15]} Nxd4 {[%clk 0:42:59]}
15. Nxb6 {[%clk 0:57:46]} Nxc2 {[%clk 0:43:19]} 16. Nxd5 {[%clk 0:55:25]} Nxa1
{[%clk 0:41:25]} 17. Nxe7+ {[%clk 0:55:17]} Kf8 {[%clk 0:41:31]} 18. Rxa1
{[%clk 0:54:15]} Rxd3 {[%clk 0:41:29]} 19. Nxc8 {[%clk 0:52:45]} Rxc8 {[%clk
0:41:55]} 20. Kf1 {[%clk 0:51:00]} Ke7 {[%clk 0:38:38]} 21. Ke2 {[%clk
0:44:32]} Rd5 {[%clk 0:37:01]} 22. Rc1 {[%clk 0:43:41]} Rxc1 {[%clk 0:35:52]}
23. Bxc1 {[%clk 0:44:03]} a5 {[%clk 0:32:53]} 24. Be3 {[%clk 0:41:15]} axb4
{[%clk 0:31:39]} 25. axb4 {[%clk 0:41:15]} h5 {[%clk 0:30:01]} 26. Bc5+ {[%clk
0:38:39]} Kd7 {[%clk 0:26:30]} 27. h4 {[%clk 0:36:34]} Kc6 {[%clk 0:18:36]} 28.
Nd4+ {[%clk 0:34:08]} Kc7 {[%clk 0:18:47]} 29. Nc2 {[%clk 0:32:21]} Kc6 {[%clk
0:17:28]} 30. Ne3 {[%clk 0:30:18]} Rd7 {[%clk 0:17:34]} 31. Nc4 {[%clk
0:29:38]} Rd5 {[%clk 0:17:27]} 32. Ke3 {[%clk 0:28:59]} f6 {[%clk 0:14:04]} 33.
Na5+ {[%clk 0:16:39]} Kc7 {[%clk 0:14:01]} 34. Nc4 {[%clk 0:17:01]} Kc6 {[%clk
0:14:25]} 35. Ke4 {[%clk 0:14:29]} Kb5 {[%clk 0:10:50]} 36. Nd6+ {[%clk
0:14:43]} Kc6 {[%clk 0:11:03]} 37. Nc8 {[%clk 0:11:49]} Kb5 {[%clk 0:09:50]}
38. Ne7 {[%clk 0:10:39]} Rd7 {[%clk 0:09:20]} 39. Ng6 {[%clk 0:09:25]} b6
{[%clk 0:07:26]} 40. Bd4 {[%clk 0:05:01]} Kxb4 {[%clk 0:05:12]} 41. Bxb6 {[%clk
0:05:00]} Kc4 {[%clk 0:01:20]} 42. Nf4 {[%clk 0:02:23]} Rb7 {[%clk 0:00:42]}
43. Be3 {[%clk 0:02:21]} Rb5 {[%clk 0:00:37]} 44. Ng6 {[%clk 0:28:08]} Rb8
{[%clk 0:25:38]} 45. Ne7 {[%clk 0:27:02]} Rb4 {[%clk 0:23:50]} 46. Kf3 {[%clk
0:25:22]} Rb5 {[%clk 0:21:39]} 47. g3 {[%clk 0:25:30]} Kd3 {[%clk 0:20:46]} 48.
Ng6 {[%clk 0:25:37]} e5 {[%clk 0:16:48]} 49. Kg2 {[%clk 0:20:44]} Ke4 {[%clk
0:15:50]} 50. Nf8 {[%clk 0:18:29]} Kf5 {[%clk 0:12:55]} 51. Nd7 {[%clk
0:18:20]} g5 {[%clk 0:11:51]} 52. hxg5 {[%clk 0:18:17]} fxg5 {[%clk 0:12:18]}
53. Nc5 {[%clk 0:18:04]} Rb4 {[%clk 0:11:43]} 54. Nd3 {[%clk 0:18:22]} Ra4
{[%clk 0:11:54]} 55. Ne1 {[%clk 0:17:15]} h4 {[%clk 0:11:14]} 56. gxh4 {[%clk
0:13:59]} Rxh4 {[%clk 0:11:17]} 57. Nf3 {[%clk 0:13:50]} Re4 {[%clk 0:10:05]}
58. Kf1 {[%clk 0:13:02]} Rg4 {[%clk 0:09:27]} 59. Ke2 {[%clk 0:12:54]} Rg2
{[%clk 0:08:14]} 60. Kf1 {[%clk 0:12:59]} Rg4 {[%clk 0:08:41]} 61. Ke2 {[%clk
0:13:16]} Rg2 {[%clk 0:09:08]} 62. Ne1 {[%clk 0:13:24]} Rg1 {[%clk 0:08:27]}
63. Nf3 {[%clk 0:13:23]} Rg2 {[%clk 0:08:55]} 64. Ne1 {[%clk 0:11:30]} Rg1
{[%clk 0:09:22]} 65. Nf3 {[%clk 0:09:30]} 1/2-1/2

[Event "DVM U20 2016"]
[Site "Borken-Gemen GER"]
[Date "2016.12.29"]
[Round "5"]
[White "Wiewesiek, Timo"]
[Black "Spindler, Florian"]
[Result "1/2-1/2"]
[Termination "normal"]
[Board "2.4"]
[WhiteElo "1903"]
[BlackElo "1893"]
[WhiteClock "00:09:44"]
[BlackClock "00:20:37"]
[WhiteTeam "SF Darmstadt"]
[BlackTeam "SG Porz"]
[PlyCount "53"]
[WhiteFideId "12920193"]
[BlackFideId "12964387"]
[EventCountry "GER"]
[EventRounds "7"]
[EventType "team-swiss"]
[EventDate "2016.12.26"]

1. e4 {[%clk 1:30:57]} c5 {[%clk 1:30:55]} 2. Nc3 {[%clk 1:31:24]} e6 {[%clk
1:31:20]} 3. f4 {[%clk 1:31:48]} d5 {[%clk 1:31:34]} 4. d3 {[%clk 1:30:58]} d4
{[%clk 1:31:06]} 5. Nb1 {[%clk 1:28:29]} Nc6 {[%clk 1:30:57]} 6. Nf3 {[%clk
1:28:17]} Nf6 {[%clk 1:30:39]} 7. g3 {[%clk 1:25:58]} Be7 {[%clk 1:27:47]} 8.
Bg2 {[%clk 1:25:40]} b5 {[%clk 1:15:53]} 9. a4 {[%clk 1:14:02]} b4 {[%clk
1:12:58]} 10. b3 {[%clk 1:13:03]} a5 {[%clk 1:11:12]} 11. h3 {[%clk 1:06:02]}
Bb7 {[%clk 1:03:36]} 12. O-O {[%clk 0:58:21]} Qc7 {[%clk 0:56:44]} 13. g4
{[%clk 0:46:50]} Nd7 {[%clk 0:54:31]} 14. Qe1 {[%clk 0:30:42]} e5 {[%clk
0:50:24]} 15. f5 {[%clk 0:29:46]} O-O-O {[%clk 0:48:31]} 16. Qg3 {[%clk
0:28:10]} f6 {[%clk 0:43:26]} 17. Nbd2 {[%clk 0:19:39]} g5 {[%clk 0:42:06]} 18.
fxg6 {[%clk 0:18:32]} hxg6 {[%clk 0:41:58]} 19. g5 {[%clk 0:15:52]} Rh5 {[%clk
0:36:31]} 20. gxf6 {[%clk 0:14:48]} Nxf6 {[%clk 0:35:54]} 21. Nc4 {[%clk
0:14:59]} Ba6 {[%clk 0:33:35]} 22. Ng5 {[%clk 0:11:41]} Bxc4 {[%clk 0:31:32]}
23. bxc4 {[%clk 0:12:06]} Rdh8 {[%clk 0:28:23]} 24. Bf3 {[%clk 0:09:47]} Rh4
{[%clk 0:25:28]} 25. Nf7 {[%clk 0:09:01]} R8h7 {[%clk 0:23:23]} 26. Ng5 {[%clk
0:09:22]} Rh8 {[%clk 0:20:37]} 27. Nf7 {[%clk 0:09:44]} 1/2-1/2

[Event "DVM U20 2016"]
[Site "Borken-Gemen GER"]
[Date "2016.12.29"]
[Round "5"]
[White "Niesel, Tobias"]
[Black "Dittmar, Lars"]
[Result "1/2-1/2"]
[Termination "normal"]
[Board "2.5"]
[WhiteElo "1887"]
[BlackElo "1826"]
[WhiteClock "00:07:19"]
[BlackClock "00:15:56"]
[WhiteTeam "SG Porz"]
[BlackTeam "SF Darmstadt"]
[PlyCount "140"]
[WhiteFideId "12962155"]
[BlackFideId "12921505"]
[EventCountry "GER"]
[EventRounds "7"]
[EventType "team-swiss"]
[EventDate "2016.12.26"]

1. c4 {[%clk 1:30:54]} Nf6 {[%clk 1:30:56]} 2. g3 {[%clk 1:31:18]} e6 {[%clk
1:31:23]} 3. Bg2 {[%clk 1:31:36]} d5 {[%clk 1:31:48]} 4. Nf3 {[%clk 1:31:57]}
Be7 {[%clk 1:32:05]} 5. O-O {[%clk 1:32:19]} O-O {[%clk 1:32:30]} 6. b3 {[%clk
1:32:41]} c5 {[%clk 1:32:16]} 7. Bb2 {[%clk 1:31:58]} Nc6 {[%clk 1:32:14]} 8.
e3 {[%clk 1:31:34]} Qc7 {[%clk 1:31:08]} 9. Qe2 {[%clk 1:30:39]} b6 {[%clk
1:28:26]} 10. Nc3 {[%clk 1:30:14]} a6 {[%clk 1:28:13]} 11. Rfd1 {[%clk
1:28:14]} Bb7 {[%clk 1:27:04]} 12. d4 {[%clk 1:28:03]} Rad8 {[%clk 1:24:21]}
13. Rac1 {[%clk 1:26:24]} Rfe8 {[%clk 1:21:38]} 14. Na4 {[%clk 1:05:43]} cxd4
{[%clk 1:12:45]} 15. cxd5 {[%clk 1:03:34]} exd5 {[%clk 1:08:04]} 16. Nxd4
{[%clk 1:01:06]} b5 {[%clk 1:05:42]} 17. Nc5 {[%clk 0:58:51]} Nxd4 {[%clk
0:56:02]} 18. Bxd4 {[%clk 0:57:53]} Rc8 {[%clk 0:52:58]} 19. b4 {[%clk
0:49:19]} Bxc5 {[%clk 0:50:14]} 20. Rxc5 {[%clk 0:45:12]} Qd7 {[%clk 0:46:47]}
21. Bxf6 {[%clk 0:43:42]} Rxc5 {[%clk 0:46:55]} 22. bxc5 {[%clk 0:44:07]} gxf6
{[%clk 0:47:20]} 23. Qc2 {[%clk 0:37:07]} Qe6 {[%clk 0:43:09]} 24. Rd4 {[%clk
0:36:08]} Qe5 {[%clk 0:39:44]} 25. h3 {[%clk 0:26:08]} Bc6 {[%clk 0:30:40]} 26.
Rg4+ {[%clk 0:24:13]} Kh8 {[%clk 0:30:37]} 27. Rh4 {[%clk 0:24:24]} f5 {[%clk
0:30:53]} 28. Rh5 {[%clk 0:23:21]} Bd7 {[%clk 0:30:32]} 29. Qd3 {[%clk
0:11:28]} Be6 {[%clk 0:29:11]} 30. Rh4 {[%clk 0:09:17]} Rc8 {[%clk 0:26:31]}
31. Qd4 {[%clk 0:09:11]} Qg7 {[%clk 0:23:09]} 32. Bf1 {[%clk 0:07:37]} f6
{[%clk 0:20:12]} 33. a4 {[%clk 0:06:16]} Qe7 {[%clk 0:17:09]} 34. axb5 {[%clk
0:05:24]} axb5 {[%clk 0:16:44]} 35. Bxb5 {[%clk 0:05:05]} Rxc5 {[%clk 0:17:01]}
36. Qb2 {[%clk 0:05:11]} Kg7 {[%clk 0:15:12]} 37. Bd3 {[%clk 0:05:19]} Qc7
{[%clk 0:14:19]} 38. Rb4 {[%clk 0:04:06]} Qd7 {[%clk 0:10:29]} 39. Bc2 {[%clk
0:02:02]} Rc4 {[%clk 0:09:12]} 40. Rb6 {[%clk 0:01:33]} Rc6 {[%clk 0:03:59]}
41. Rb3 {[%clk 0:24:30]} Qc8 {[%clk 0:27:05]} 42. Bd3 {[%clk 0:23:44]} Rc1+
{[%clk 0:26:52]} 43. Kh2 {[%clk 0:23:55]} Rc7 {[%clk 0:21:11]} 44. Rb8 {[%clk
0:23:42]} Qd7 {[%clk 0:21:34]} 45. Qb4 {[%clk 0:23:04]} Rc8 {[%clk 0:19:27]}
46. Rb6 {[%clk 0:21:35]} Rc6 {[%clk 0:19:33]} 47. Rxc6 {[%clk 0:19:04]} Qxc6
{[%clk 0:20:01]} 48. Qe7+ {[%clk 0:19:29]} Bf7 {[%clk 0:16:29]} 49. Bxf5 {[%clk
0:18:31]} d4 {[%clk 0:11:23]} 50. Be4 {[%clk 0:17:24]} Qc4 {[%clk 0:11:18]} 51.
exd4 {[%clk 0:16:53]} Qxd4 {[%clk 0:11:42]} 52. Kg2 {[%clk 0:16:46]} Qc4 {[%clk
0:11:56]} 53. Bf3 {[%clk 0:12:57]} h6 {[%clk 0:11:40]} 54. Qb7 {[%clk 0:11:59]}
Qe6 {[%clk 0:11:17]} 55. Bh5 {[%clk 0:06:50]} Qd5+ {[%clk 0:11:41]} 56. Qxd5
{[%clk 0:07:15]} Bxd5+ 57. Bf3 {[%clk 0:07:37]} Be6 {[%clk 0:12:25]} 58. g4
{[%clk 0:07:25]} Bc4 {[%clk 0:12:45]} 59. Kg3 {[%clk 0:07:29]} Bb3 {[%clk
0:13:03]} 60. Be4 {[%clk 0:07:39]} Bc4 {[%clk 0:13:26]} 61. Kf4 {[%clk
0:07:17]} Bf1 {[%clk 0:13:26]} 62. h4 {[%clk 0:07:34]} Bc4 {[%clk 0:13:43]} 63.
Ke3 {[%clk 0:07:03]} Bb3 {[%clk 0:13:50]} 64. Kd4 {[%clk 0:06:29]} Bd1 {[%clk
0:13:56]} 65. f3 {[%clk 0:06:42]} Bb3 {[%clk 0:14:22]} 66. Kc5 {[%clk 0:06:50]}
Ba2 {[%clk 0:14:26]} 67. Kd6 {[%clk 0:07:11]} Bb3 {[%clk 0:14:53]} 68. Ke7
{[%clk 0:07:34]} Bc4 {[%clk 0:15:19]} 69. Bc6 {[%clk 0:07:37]} Be2 {[%clk
0:15:38]} 70. Be4 {[%clk 0:07:19]} Bd1 {[%clk 0:15:56]} 1/2-1/2

[Event "DVM U20 2016"]
[Site "Borken-Gemen GER"]
[Date "2016.12.29"]
[Round "5"]
[White "Tampe, Alexander"]
[Black "Brungs, Sven"]
[Result "1-0"]
[Termination "normal"]
[Board "2.6"]
[WhiteElo "1681"]
[BlackElo "1888"]
[WhiteClock "00:15:45"]
[BlackClock "00:30:27"]
[WhiteTeam "SF Darmstadt"]
[BlackTeam "SG Porz"]
[PlyCount "72"]
[WhiteFideId "12921572"]
[BlackFideId "12946257"]
[EventCountry "GER"]
[EventRounds "7"]
[EventType "team-swiss"]
[EventDate "2016.12.26"]

1. e4 {[%clk 1:30:58]} c6 {[%clk 1:30:53]} 2. d4 {[%clk 1:31:20]} d5 {[%clk
1:31:16]} 3. exd5 {[%clk 1:31:46]} cxd5 {[%clk 1:31:38]} 4. Bd3 {[%clk
1:31:49]} Nc6 {[%clk 1:31:53]} 5. c3 {[%clk 1:32:09]} Qc7 {[%clk 1:31:07]} 6.
Qb3 {[%clk 1:30:35]} e6 {[%clk 1:28:31]} 7. Nf3 {[%clk 1:30:38]} Bd6 {[%clk
1:26:50]} 8. Be3 {[%clk 1:26:39]} Nge7 {[%clk 1:23:04]} 9. Nbd2 {[%clk
1:26:25]} Ng6 {[%clk 1:13:36]} 10. O-O {[%clk 1:19:31]} Nf4 {[%clk 1:05:46]}
11. Bxf4 {[%clk 1:15:42]} Bxf4 {[%clk 1:05:53]} 12. Rfe1 {[%clk 1:15:11]} O-O
{[%clk 1:03:24]} 13. Qc2 {[%clk 1:13:32]} h6 {[%clk 0:55:34]} 14. a3 {[%clk
1:04:49]} Rd8 {[%clk 0:44:42]} 15. Rac1 {[%clk 0:59:26]} Bd7 {[%clk 0:36:28]}
16. g3 {[%clk 0:53:52]} Bd6 {[%clk 0:32:53]} 17. c4 {[%clk 0:53:24]} dxc4
{[%clk 0:32:21]} 18. Nxc4 {[%clk 0:53:25]} Rac8 {[%clk 0:32:14]} 19. Nxd6
{[%clk 0:52:55]} Qxd6 {[%clk 0:32:38]} 20. Qc5 {[%clk 0:51:45]} Qf8 {[%clk
0:23:48]} 21. Ne5 {[%clk 0:37:11]} Nxe5 {[%clk 0:13:07]} 22. Qxf8+ {[%clk
0:37:23]} Kxf8 {[%clk 0:13:28]} 23. dxe5 {[%clk 0:37:52]} Rxc1 24. Rxc1 {[%clk
0:38:11]} Bc6 {[%clk 0:13:35]} 25. Rc3 {[%clk 0:35:58]} Rd5 {[%clk 0:13:09]}
26. f4 {[%clk 0:34:25]} Ke7 {[%clk 0:11:24]} 27. Kf2 {[%clk 0:34:44]} f6 {[%clk
0:07:14]} 28. exf6+ {[%clk 0:33:58]} gxf6 {[%clk 0:07:33]} 29. b4 {[%clk
0:31:37]} Kd6 {[%clk 0:05:13]} 30. Ke3 {[%clk 0:25:31]} a5 {[%clk 0:02:39]} 31.
Be4 {[%clk 0:19:19]} axb4 {[%clk 0:02:09]} 32. axb4 {[%clk 0:17:48]} Rd1 {[%clk
0:01:18]} 33. Rd3+ {[%clk 0:16:47]} Rxd3+ {[%clk 0:01:39]} 34. Bxd3 {[%clk
0:17:05]} Kd5 {[%clk 0:01:06]} 35. b5 {[%clk 0:15:33]} Bd7 {[%clk 0:01:18]} 36.
Be4+ {[%clk 0:15:45]} Kd6 {[%clk 0:30:27]} 1-0

[Event "DVM U20 2016"]
[Site "Borken-Gemen GER"]
[Date "2016.12.29"]
[Round "5"]
[White "Kololli, Kevin"]
[Black "Noe, Christopher"]
[Result "0-1"]
[Termination "normal"]
[Board "3.1"]
[BlackTitle "IM"]
[WhiteElo "2217"]
[BlackElo "2434"]
[WhiteClock "00:50:34"]
[BlackClock "00:06:36"]
[WhiteTeam "Lübecker SV"]
[BlackTeam "SC Eppingen"]
[PlyCount "70"]
[WhiteFideId "12936863"]
[BlackFideId "24692018"]
[EventCountry "GER"]
[EventRounds "7"]
[EventType "team-swiss"]
[EventDate "2016.12.26"]

1. e4 {[%clk 1:30:56]} e5 {[%clk 1:30:56]} 2. Nf3 {[%clk 1:31:21]} Nc6 {[%clk
1:31:21]} 3. Bc4 {[%clk 1:31:45]} Bc5 {[%clk 1:31:29]} 4. b4 {[%clk 1:32:07]}
Bxb4 {[%clk 1:31:54]} 5. c3 {[%clk 1:32:32]} Be7 {[%clk 1:32:08]} 6. d4 {[%clk
1:32:55]} Na5 {[%clk 1:32:14]} 7. Bd3 {[%clk 1:33:16]} d6 {[%clk 1:32:10]} 8.
dxe5 {[%clk 1:33:37]} dxe5 {[%clk 1:32:35]} 9. Nxe5 {[%clk 1:33:59]} Nf6 {[%clk
1:32:58]} 10. O-O {[%clk 1:33:55]} O-O {[%clk 1:33:17]} 11. Qe2 {[%clk
1:31:57]} Nd7 {[%clk 1:22:57]} 12. Nxd7 {[%clk 1:29:01]} Bxd7 {[%clk 1:21:18]}
13. Rd1 {[%clk 1:27:38]} Qc8 {[%clk 1:20:58]} 14. Nd2 {[%clk 1:27:33]} Rd8
{[%clk 1:20:12]} 15. f4 {[%clk 1:26:32]} Ba4 {[%clk 1:16:21]} 16. Rf1 {[%clk
1:16:30]} Qd7 {[%clk 1:16:07]} 17. Rf3 {[%clk 1:16:46]} Qc6 {[%clk 1:03:57]}
18. e5 {[%clk 1:12:35]} Rxd3 {[%clk 0:40:11]} 19. Qxd3 {[%clk 1:12:41]} Bb5
{[%clk 0:40:15]} 20. Qc2 {[%clk 1:07:02]} Rd8 {[%clk 0:29:02]} 21. a4 {[%clk
0:58:51]} Be2 {[%clk 0:28:15]} 22. Rh3 {[%clk 0:59:05]} g6 {[%clk 0:25:11]} 23.
Nf1 {[%clk 0:54:06]} Bxf1 {[%clk 0:22:03]} 24. Kxf1 {[%clk 0:54:25]} Qc4+
{[%clk 0:22:30]} 25. Kg1 {[%clk 0:52:47]} Nb3 {[%clk 0:22:54]} 26. Rb1 {[%clk
0:52:59]} Nd4 {[%clk 0:20:04]} 27. Qb2 {[%clk 0:52:22]} Ne2+ {[%clk 0:19:50]}
28. Kf2 {[%clk 0:52:42]} Bc5+ {[%clk 0:15:29]} 29. Ke1 {[%clk 0:50:44]} Nxf4
{[%clk 0:11:57]} 30. Bxf4 {[%clk 0:51:02]} Qe4+ {[%clk 0:09:51]} 31. Be3 {[%clk
0:51:18]} Bxe3 {[%clk 0:10:17]} 32. Qxb7 {[%clk 0:50:45]} c6 {[%clk 0:09:54]}
33. Qb4 {[%clk 0:50:13]} Qxg2 {[%clk 0:05:42]} 34. Rxe3 {[%clk 0:50:27]} Qd2+
{[%clk 0:06:08]} 35. Kf1 {[%clk 0:50:34]} Qxe3 {[%clk 0:06:36]} 0-1

[Event "DVM U20 2016"]
[Site "Borken-Gemen GER"]
[Date "2016.12.29"]
[Round "5"]
[White "Hacker, Jonas"]
[Black "Kololli, Martin"]
[Result "1/2-1/2"]
[Termination "normal"]
[Board "3.2"]
[WhiteTitle "FM"]
[WhiteElo "2369"]
[BlackElo "2231"]
[WhiteClock "00:25:46"]
[BlackClock "00:33:30"]
[WhiteTeam "SC Eppingen"]
[BlackTeam "Lübecker SV"]
[PlyCount "88"]
[WhiteFideId "1270968"]
[BlackFideId "12936910"]
[EventCountry "GER"]
[EventRounds "7"]
[EventType "team-swiss"]
[EventDate "2016.12.26"]

1. e4 {[%clk 1:30:59]} e5 {[%clk 1:30:54]} 2. Nf3 {[%clk 1:30:49]} Nc6 {[%clk
1:31:18]} 3. Bb5 {[%clk 1:31:15]} a6 {[%clk 1:31:44]} 4. Ba4 {[%clk 1:31:41]}
d6 {[%clk 1:32:01]} 5. c3 {[%clk 1:31:49]} Bd7 {[%clk 1:32:20]} 6. d4 {[%clk
1:32:10]} Nge7 {[%clk 1:32:20]} 7. d5 {[%clk 1:32:23]} Nb8 {[%clk 1:32:40]} 8.
h4 {[%clk 1:29:19]} Bxa4 {[%clk 1:23:29]} 9. Qxa4+ {[%clk 1:29:46]} Nd7 {[%clk
1:23:43]} 10. c4 {[%clk 1:24:30]} c6 {[%clk 1:19:39]} 11. Qd1 {[%clk 1:18:08]}
b5 {[%clk 1:00:59]} 12. dxc6 {[%clk 1:06:27]} Nxc6 {[%clk 0:59:18]} 13. cxb5
{[%clk 1:03:08]} axb5 {[%clk 0:59:14]} 14. Nc3 {[%clk 0:56:05]} b4 {[%clk
0:55:47]} 15. Nd5 {[%clk 0:55:05]} Nc5 {[%clk 0:54:01]} 16. Be3 {[%clk
0:54:27]} Be7 {[%clk 0:48:43]} 17. Bxc5 {[%clk 0:48:33]} dxc5 {[%clk 0:48:56]}
18. Ne3 {[%clk 0:37:05]} Qxd1+ {[%clk 0:43:35]} 19. Kxd1 {[%clk 0:37:15]} Nd4
{[%clk 0:41:44]} 20. Nxd4 {[%clk 0:34:19]} exd4 {[%clk 0:36:34]} 21. Nc4 {[%clk
0:34:36]} h5 {[%clk 0:36:28]} 22. Kc2 {[%clk 0:29:46]} Rh6 {[%clk 0:36:14]} 23.
Kb3 {[%clk 0:28:29]} Rf6 {[%clk 0:33:28]} 24. f3 {[%clk 0:26:31]} Rg6 {[%clk
0:32:40]} 25. Rh2 {[%clk 0:23:31]} Bd8 {[%clk 0:28:43]} 26. Rg1 {[%clk
0:22:49]} Rga6 {[%clk 0:26:45]} 27. Ra1 {[%clk 0:22:08]} Rg6 {[%clk 0:26:21]}
28. Rg1 {[%clk 0:22:33]} Rga6 {[%clk 0:24:33]} 29. g4 {[%clk 0:20:37]} Rf6
{[%clk 0:20:09]} 30. Rh3 {[%clk 0:19:53]} hxg4 {[%clk 0:19:01]} 31. Rxg4 {[%clk
0:19:59]} Kf8 {[%clk 0:16:09]} 32. Rg5 {[%clk 0:15:13]} Be7 {[%clk 0:15:23]}
33. Rhg3 {[%clk 0:14:49]} Rd8 {[%clk 0:14:09]} 34. Rxg7 {[%clk 0:12:47]} Rxf3+
{[%clk 0:12:15]} 35. Rxf3 {[%clk 0:13:14]} Kxg7 {[%clk 0:12:38]} 36. Ne5 {[%clk
0:13:25]} Bf6 {[%clk 0:08:36]} 37. Nd3 {[%clk 0:06:45]} Rc8 {[%clk 0:08:33]}
38. Kc4 {[%clk 0:06:41]} Bxh4 {[%clk 0:08:23]} 39. Rf5 {[%clk 0:00:42]} Be7
{[%clk 0:08:00]} 40. Rd5 {[%clk 0:01:01]} Kf8 {[%clk 0:04:59]} 41. a3 {[%clk
0:25:17]} bxa3 {[%clk 0:34:37]} 42. bxa3 {[%clk 0:25:46]} Ra8 {[%clk 0:33:02]}
43. Nxc5 {[%clk 0:25:36]} Bxc5 {[%clk 0:33:12]} 44. Rxc5 {[%clk 0:25:46]} Rxa3
{[%clk 0:33:30]} 1/2-1/2

[Event "DVM U20 2016"]
[Site "Borken-Gemen GER"]
[Date "2016.12.29"]
[Round "5"]
[White "Poghosyan, Tigran"]
[Black "Gibicar, Danijel"]
[Result "1/2-1/2"]
[Termination "normal"]
[Board "3.3"]
[BlackTitle "FM"]
[WhiteElo "2063"]
[BlackElo "2264"]
[WhiteClock "00:21:05"]
[BlackClock "00:11:12"]
[WhiteTeam "Lübecker SV"]
[BlackTeam "SC Eppingen"]
[PlyCount "86"]
[WhiteFideId "12909319"]
[BlackFideId "24660256"]
[EventCountry "GER"]
[EventRounds "7"]
[EventType "team-swiss"]
[EventDate "2016.12.26"]

1. e4 {[%clk 1:30:58]} e6 {[%clk 1:30:24]} 2. d4 {[%clk 1:31:18]} d5 {[%clk
1:30:49]} 3. Nd2 {[%clk 1:31:42]} a6 {[%clk 1:31:13]} 4. Ngf3 {[%clk 1:32:07]}
c5 {[%clk 1:31:36]} 5. dxc5 {[%clk 1:32:24]} Bxc5 {[%clk 1:31:58]} 6. Bd3
{[%clk 1:32:46]} Nc6 {[%clk 1:32:11]} 7. O-O {[%clk 1:33:01]} Nf6 {[%clk
1:31:54]} 8. exd5 {[%clk 1:33:15]} exd5 {[%clk 1:29:57]} 9. Re1+ {[%clk
1:33:31]} Be6 {[%clk 1:26:50]} 10. Nb3 {[%clk 1:33:08]} Bb6 {[%clk 1:24:54]}
11. Bg5 {[%clk 1:28:48]} O-O {[%clk 1:22:33]} 12. c3 {[%clk 1:28:25]} Bg4
{[%clk 1:20:44]} 13. Bc2 {[%clk 1:23:08]} Rc8 {[%clk 0:30:50]} 14. Qd3 {[%clk
0:47:36]} g6 {[%clk 0:30:35]} 15. Nfd4 {[%clk 0:46:54]} Qd6 {[%clk 0:28:02]}
16. h3 {[%clk 0:44:24]} Bd7 {[%clk 0:21:32]} 17. Qd2 {[%clk 0:34:18]} Bc7
{[%clk 0:09:31]} 18. Nf3 {[%clk 0:34:30]} Nh5 {[%clk 0:08:52]} 19. Rad1 {[%clk
0:32:43]} Be6 {[%clk 0:08:20]} 20. c4 {[%clk 0:24:03]} dxc4 {[%clk 0:05:39]}
21. Qxd6 {[%clk 0:13:37]} Bxd6 {[%clk 0:06:02]} 22. Rxd6 {[%clk 0:14:00]} cxb3
{[%clk 0:06:21]} 23. Bxb3 {[%clk 0:14:20]} Bxb3 {[%clk 0:06:35]} 24. axb3
{[%clk 0:14:49]} f6 {[%clk 0:05:51]} 25. Bh6 {[%clk 0:14:21]} Rfd8 {[%clk
0:04:48]} 26. Rde6 {[%clk 0:06:52]} Kf7 {[%clk 0:04:00]} 27. g4 {[%clk
0:06:47]} Rd3 {[%clk 0:01:48]} 28. R6e3 {[%clk 0:05:32]} Rxe3 {[%clk 0:02:07]}
29. Bxe3 {[%clk 0:04:55]} Ng7 {[%clk 0:02:31]} 30. Bb6 {[%clk 0:04:59]} Ne6
{[%clk 0:02:24]} 31. Rd1 {[%clk 0:04:44]} Ke7 {[%clk 0:02:39]} 32. Rc1 {[%clk
0:04:01]} Kd7 {[%clk 0:02:28]} 33. Rd1+ {[%clk 0:04:25]} Ke7 {[%clk 0:02:52]}
34. Rc1 {[%clk 0:04:43]} Nf4 {[%clk 0:02:09]} 35. Kh2 {[%clk 0:04:59]} Nd3
{[%clk 0:01:59]} 36. Rd1 {[%clk 0:05:03]} Nde5 {[%clk 0:02:11]} 37. Nd2 {[%clk
0:04:10]} Nb4 {[%clk 0:01:35]} 38. Ne4 {[%clk 0:03:29]} Ned3 {[%clk 0:01:18]}
39. Bd4 {[%clk 0:02:26]} f5 {[%clk 0:01:12]} 40. Ng3 {[%clk 0:00:39]} Ke6
{[%clk 0:00:38]} 41. Bc3 {[%clk 0:30:22]} a5 {[%clk 0:23:26]} 42. Rd2 {[%clk
0:28:47]} Rc5 {[%clk 0:17:18]} 43. Ne2 {[%clk 0:21:05]} fxg4 {[%clk 0:11:12]}
1/2-1/2